Normal view
MARC view
Entry Personal Name
001 - CONTROL NUMBER
- control field: 3081
003 - CONTROL NUMBER IDENTIFIER
- control field: OSt
005 - DATE AND TIME OF LATEST TRANSACTION
- control field: 20211028141506.0
008 - FIXED-LENGTH DATA ELEMENTS
- fixed length control field: 211028|| aca||aabn | a|a d
040 ## - CATALOGING SOURCE
- Original cataloging agency: OSt
- Transcribing agency: OSt
100 ## - HEADING--PERSONAL NAME
- Personal name: D S, Spoorthi; Manimozhi.
- Miscellaneous information: 60471459
670 ## - SOURCE DATA FOUND
- Source citation: Work cat.: (OSt): D S, Spoorthi; Manimozhi. 60471459, Query builder for saral tax., 2009